Piłka nożna - Real Madryt - transfery - Statystyki

Ogólne statystyki
  • Ten quiz został rozwiązany 387 razy
  • Średni wynik to 11 z 15
Statystyki odpowiedzi
miejsce kwota sezon klub oddający Odpowiedź % Poprawnych
4. 94,00 mln € 09/10 Manchester United Cristiano Ronaldo
96%
2. 113,00 mln € 23/24 Borussia Dortmund Jude Bellingham
93%
1. 120,80 mln € 19/20 Chelsea FC Eden Hazard
91%
10. 60,00 mln € 00/01 FC Barcelona Luis Figo
90%
3. 101,00 mln € 13/14 Tottenham Hotspur Gareth Bale
88%
14. 47,50 mln € 24/25 Palmeiras Endrick
80%
15. 45,00 mln € 19/20 Santos Rodrygo
77%
6. 77,50 mln € 01/02 Juventus Turyn Zinedine Zidane
73%
11. 59,50 mln € 25/26 AFC Bournemouth Dean Huijsen
72%
5. 80,00 mln € 22/23 AS Monaco Aurelin Tchouameni
66%
8. 67,00 mln € 09/10 AC Milan Kaka
66%
9. 63,00 mln € 19/20 Eintracht Frankfurt Luka Jović
61%
13. 48,00 mln € 19/20 Olympique Lyon Ferland Mendy
56%
12. 50,00 mln € 19/20 FC Porto Eder Militao
52%
7. 75,00 mln € 14/15 AS Monaco James Rodriguez
41%
Nie znaleziono quizów pasujących do podanych kryteriów
Rozkład punktacji
Procent ludzi z każdym wynikiem
Percentyl według liczby udzielonych odpowiedzi
Twoja historia wyników
Nie rozwiązałeś tego quizu